La deserción en la educación media

Saved in:
Bibliographic Details
Corporate Author: UNICEF (Author)
Format: Book
Language:Spanish
Published: Santiago Unicef 1999
Series:Ciclo de Debates: Desafíos de la Política Educacional
Subjects:
Tags: Add Tag
No Tags, Be the first to tag this record!

MARC

LEADER 00000nam a2200000 a 4500
001 UCP6100
003 CL-VaPUC
008 991008e19990000CL |||||||||||||||||spa|d
082 0 4 |a 371.291  |b UNI  |2 21 
110 2 |a UNICEF  |e author  |9 434937 
245 1 3 |a La deserción en la educación media 
300 |a 36 p 
942 |c BK 
945 |d 19991008 00:00:00  |a rbrito 
260 |a Santiago  |b Unicef  |c 1999 
650 7 |a DESERCION ESCOLAR  |2 CL-VaPUC  |9 307945 
651 7 |a CHILE  |2 CL-VaPUC  |9 434938 
583 |a last modification  |c 19991008 00:00:00  |k Rodrigo Vera 
490 0 |a Ciclo de Debates: Desafíos de la Política Educacional 
999 |c 283724  |d 283722 
952 |0 0  |1 0  |4 0  |6 371_291000000000000_UNI_1999  |7 0  |8 P  |9 327137  |a BIBEDU  |b BIBEDU  |c BIBEDU_PB  |d 2019-11-20  |i 3562891  |o 371.291 UNI 1999  |p 3562891  |r 2024-01-25  |w 2019-11-20  |y BK  |k EDU 
952 |0 0  |1 0  |4 0  |6 371_291000000000000_UNI_1999  |7 0  |8 P  |9 327138  |a BIBEDU  |b BIBEDU  |c BIBEDU_PB  |d 2019-11-20  |i 356438K  |o 371.291 UNI 1999  |p 356438K  |r 2024-01-25  |w 2019-11-20  |y BK  |k BME 
952 |0 0  |1 0  |4 0  |6 371_291000000000000_UNI_1999  |7 0  |8 P  |9 327139  |a BIBEDU  |b BIBEDU  |c BIBEDU_PB  |d 2019-11-20  |i 3575268  |o 371.291 UNI 1999  |p 3575268  |r 2024-01-25  |w 2019-11-20  |y BK  |k BME